MARC

LEADER 00000nam0a2200000 4500
001 299916
005 20231102001241.0
035 |a (RuTPU)RU\TPU\book\325069 
090 |a 299916 
100 |a 20150706d1981 m y0rusy50 ca 
101 0 |a rus 
102 |a UA 
105 |a a j 001zy 
200 1 |a Динамика идеальной жидкости  |e учебное пособие  |f В. А. Колычев  |g Харьковский политехнический институт (ХПИ) 
210 |a Харьков  |c Изд-во ХПИ  |d 1981 
215 |a 75 с.  |c ил. 
320 |a Библиогр.: с. 73 
320 |a Библиогр.: с. 73 
606 1 |a Механика идеальной жидкости  |2 stltpush  |3 (RuTPU)RU\TPU\subj\43570  |9 63057 
610 1 |a динамика 
610 1 |a движение 
610 1 |a уравнения 
610 1 |a интегралы 
610 1 |a интеграл Бернулли 
610 1 |a интеграл Лагранжа-Коши 
610 1 |a теорема Томсона 
610 1 |a течения 
610 1 |a приближенные модели 
610 1 |a потоки 
610 1 |a классификация 
610 1 |a несжимаемая жидкость 
610 1 |a невязкая жидкость 
610 1 |a учебные пособия 
675 |a 532.5(075.8)  |v 4 
700 1 |a Колычев  |b В. А.  |g Владислав Александрович 
712 0 2 |a Харьковский политехнический институт (ХПИ)  |c (1929- )  |2 stltpush  |3 (RuTPU)RU\TPU\col\291 
801 1 |a RU  |b 63413507  |c 20150706 
801 2 |a RU  |b 63413507  |c 20190214  |g RCR 
942 |c BK